| 000 | 00390nam a2200145Ia 4500 | ||
|---|---|---|---|
| 005 | 20260328101446.0 | ||
| 008 | 260328s9999||||xx |||||||||||||| ||und|| | ||
| 100 | _aRivera Páez, Jorge Alberto | ||
| 245 | 0 |
_aHabitat estado del Arte / _cJorge Alberto Rivera Páez |
|
| 250 | _a1a ed. | ||
| 260 | _bUniversidad Católica de Colombia | ||
| 300 | _a74 p. | ||
| 650 | _aURBANISMO | ||
| 942 | _cBK | ||
| 999 |
_c8452 _d8452 |
||